000 00266nam a2200109Ia 4500
005 20251222143155.0
008 251222s9999||||xx |||||||||||||| ||spa||
082 _a868.39/V39F/1987
100 _a"Vega Carpio, Lope Felix de"
245 0 _aFuente Ovejuna
942 _cLIB
999 _c12840
_d12840